| Tag |
First Indicator |
Second Indicator |
Subfields |
| LEADER |
00000nam a2200000Ia 4500 |
| 001 |
in00004185607 |
| 005 |
20200807090139.0 |
| 006 |
m g d |
| 007 |
cr bn |||a|bb| |
| 008 |
821112s1683 enk o 00| | lat d |
| 035 |
|
|
|a (OCoLC)8951842
|
| 040 |
|
|
|a EEU
|c EEU
|d WaOLN
|
| 037 |
|
|
|a CL0037000043
|b ProQuest Information and Learning. 300 N. Zeeb Rd., Ann Arbor, MI 48106
|
| 049 |
|
|
|a EEUB
|
| 090 |
|
|
|a VM505
|b .F57
|
| 100 |
1 |
|
|a Fitzgerald, R.
|q (Robert)
|
| 245 |
1 |
0 |
|a Aqua salsa dulcoratas, sive, Accurata novi hujus arteficii quatenus tum maris tum portuum incolis, utilis descriptio :
|b accessit praeterea plena omnium alicujus momenti contra novum hoc adinventum objectionum solutio : nec non approbatio Collegii Medicorum Londinensis : epistola denique Honorabilis Roberti Boylii hac super re ad amicum conscripta.
|
| 260 |
|
|
|a Londini :
|b Impensis Edvardi Brewster,
|c 1683.
|
| 300 |
|
|
|a 1 online resource (32 pages)
|
| 336 |
|
|
|a text
|b txt
|2 rdacontent
|
| 337 |
|
|
|a computer
|b c
|2 rdamedia
|
| 338 |
|
|
|a online resource
|b cr
|2 rdacarrier
|
| 500 |
|
|
|a Dedication signed: R. Fitzgerald.
|
| 500 |
|
|
|a Reproduction of original in the Glasgow University Library.
|
| 510 |
4 |
|
|a Wing
|c F1078.
|
| 533 |
|
|
|a Electronic reproduction.
|b Ann Arbor, Mich. :
|c UMI,
|d 1999-
|f (Early English books online)
|n Digital version of: (Early English books, 1641-1700 ; 1284:8)
|7 s1999 miun s
|
| 650 |
|
0 |
|a Seawater
|x Distillation
|v Early works to 1800.
|
| 700 |
1 |
|
|a Boyle, Robert,
|d 1627-1691.
|
| 740 |
0 |
|
|a Accurata novi hujus arteficii quatenus tum maris tum portuum incolis, utilis descriptio.
|
| 830 |
|
0 |
|a Early English books online.
|
| 856 |
4 |
0 |
|u http://proxy.library.tamu.edu/login?url=https://search.proquest.com/docview/2264216941
|z Connect to the full text of this electronic book
|t 0
|
| 999 |
f |
f |
|s 43252d4c-5b49-3e1e-bf11-b61cf91d6ab1
|i d6e66261-c7fb-3121-991b-0e9e45d91e99
|t 0
|
| 952 |
f |
f |
|a Texas A&M University
|b College Station
|c Electronic Resources
|d Available Online
|t 0
|e VM505 .F57
|h Library of Congress classification
|
| 998 |
f |
f |
|a VM505 .F57
|t 0
|l Available Online
|